L'été où je suis devenue jolie (saison 1) - Statistiques

Statistiques générales
  • Ce quiz a été pris 1 073 fois
    1 072 depuis la dernière actualisation
  • Le résultat moyen est 9 sur 13
Statistiques - réponses
Description Personnage % Correct
Le personnage principal Belly
98%
Le premier fils de cette dernière Conrad
95%
Le second fils Jeremiah
90%
Son frère Steven
88%
Sa meilleure amie Taylor
86%
Sa mère Laurel
67%
La meilleure amie de sa mère, atteinte d'un cancer Susannah
66%
Le petit ami du personnage principal Cameron
57%
Leur père Adam
50%
La copine de son frère Shayla
44%
Son père John
41%
Sa grande sœur chez les débutantes Nicole
41%
Le nouveau petit copain de sa mère Cleveland
26%
Aucun quiz correspondant
Distribution des résultats
% des personnes avec chaque résultat
Percentile par nombre de réponses
Votre historique - résultats
Vous n’avez pas pris ce quiz depuis la dernière actualisation